Escuela y Currículo: memorias
En estas memorias se recoge el debate sobre el currículo, además de recorrer las distintas concepciones que sobre él concurrieron, fue cruzado por la discusión ineludible acerca de la autonomía profesional del maestro.
Gespeichert in:
| Körperschaft: | |
|---|---|
| Format: | Tagungsbericht Buch |
| Sprache: | Spanish |
| Veröffentlicht: |
Bogotá:
Asociación Distrital de Educadores 1995
|
| Ausgabe: | 1 |
| Schlagworte: | |
| Online Zugang: | Enlace del recurso |
| Tags: |
Tag hinzufügen
Keine Tags, Fügen Sie den ersten Tag hinzu!
|
MARC
| LEADER | 00000nam a2200000 a 4500 | ||
|---|---|---|---|
| 001 | 001411 | ||
| 008 | 041101s1995 ck a fr# #000|0#spa#d | ||
| 041 | 0 | |a spa | |
| 043 | |a s-ck--- | ||
| 082 | 0 | 4 | |a 375.001 |b A715m |
| 111 | 2 | |a Asamblea Pedagógica Distrital |n (2 : |d Oct. 4-8, 1994 : |c Bogotá) | |
| 245 | 1 | 0 | |a Escuela y Currículo: |b memorias |c Segunda Asamblea Pedagógica Distrital |
| 250 | |a 1 | ||
| 260 | |a Bogotá: |b Asociación Distrital de Educadores |b 1995 | ||
| 300 | |a 184 p.: |b il. | ||
| 500 | |a Incluye un listado de trabajos presentados en la Asamblea | ||
| 520 | 3 | |a En estas memorias se recoge el debate sobre el currículo, además de recorrer las distintas concepciones que sobre él concurrieron, fue cruzado por la discusión ineludible acerca de la autonomía profesional del maestro. | |
| 650 | 1 | 4 | |a PLANIFICACIÓN CURRICULAR |z COLOMBIA |
| 650 | 1 | 4 | |a AUTONOMÍA EN LA EDUCACIÓN |
| 900 | |a 20041101 | ||
| 999 | |c 3563 |d 3563 | ||
| 856 | |u https://catalogo.idep.edu.co/cgi-bin/koha/opac-detail.pl?biblionumber=3563 |z Enlace del recurso | ||